Pokémon de Première Génération sans voyelles (Aléatoire) - Statistiques

Statistiques générales
  • Ce quiz a été pris 119 fois
  • Le résultat moyen est 17 sur 20
Statistiques - réponses
Indices Pokémon (Première Génération) % Correct
b Abo
100%
kwkwk Akwakwak
100%
lkzm Alakazam
100%
mnt Amonita
100%
rbk Arbok
100%
rcnn Arcanin
100%
rtkdn Artikodin
100%
spct Aspicot
100%
Bstflr Boustiflor
100%
Blbzrr Bulbizarre
100%
Crbff Carabaffe
100%
Chnpn Chenipan
100%
Chtflr Chétiflor
100%
Crstbr Crustabri
100%
Drdrgnn Dardargnan
100%
Dd Doduo
100%
Drclss Dracolosse
100%
ctplsm Ectoplasma
100%
lcthr Electhor
100%
Fntmns Fantominus
100%
Frsng Férosinge
100%
Fnrd Feunard
100%
Flgdss Flagadoss
100%
Flrzrr Florizarre
100%
Glp Galopa
100%
Gpx Goupix
100%
Grvlnch Gravalanch
100%
Grlm Grolem
100%
Hrbzrr Herbizarre
100%
Hpcn Hypocéan
100%
Kbtps Kabutops
100%
Krbbss Krabboss
100%
Lmntn Lamantine
100%
Lvnrd Leveinard
100%
Lkhlss Lokhlass
100%
Mchpr Machopeur
100%
Mckgnr Mackogneur
100%
Mgmr Magmar
100%
Mgntn Magnéton
100%
Mldlf Mélodelfe
100%
Mtmrph Métamorph
100%
Mw Mew
100%
Mwtw Mewtwo
100%
M. Mm M. Mime
100%
Ndqn Nidoqueen
100%
Ndkk Noadkoko
100%
Nsfrlt Nosferalto
100%
Nsfrpt Nosferapti
100%
nx Onix
100%
Pfbc Piafabec
100%
Pkch Pikachu
100%
Pnt Ponyta
100%
Pskkwk Psykokwak
100%
Ptr Ptéra
100%
Pttrd Ptitard
100%
Rch Raichu
100%
Rmlss Ramoloss
100%
Rpsdpc Rapasdepic
100%
Rttt Rattata
100%
Rtttc Rattatac
100%
Rptncl Reptincel
100%
Rhncrn Rhinocorne
100%
Rhnfrs Rhinoféros
100%
Rndd Rondoudou
100%
Rnflx Ronflex
100%
Rcps Roucoups
100%
Sblr Sablaireau
100%
Scrbrt Scarabrute
100%
Smgg Smogogo
100%
Spctrm Spectrum
100%
Strss Staross
100%
Tdmrv Tadmorv
100%
Tntcl Tentacool
100%
Tntcrl Tentacruel
100%
Trtnk Tortank
100%
Trpkr Triopikeur
100%
Vltl Voltali
100%
Vltrb Voltorbe
100%
Crpc Carapuce
89%
Ndrn Nidoran / Nidorina / Nidorino
89%
Slmch Salamèche
89%
Tpqr Taupiqueur
89%
vl Evoli
88%
Mchc Machoc
88%
Prsct Parasect
88%
Sprfk Soporifik
88%
mpflr Empiflor
86%
Mgcrp Magicarpe
86%
Nnf Noeunoeuf
86%
Pplsn Papilusion
86%
Smg Smogo
86%
Chrscr Chrysacier
83%
Grtdmrv Grotadmorv
83%
Mmtss Mimitoss
83%
Prs Paras
83%
Prsn Persian
83%
Cnns Caninos
80%
Drc Draco
80%
lctrd Electrode
80%
lktk Elektek
80%
nsctr Insécateur
80%
Kngrx Kangourex
80%
Lvtr Léviator
80%
Msthrb Mystherbe
80%
Pssrn Poissirène
80%
Rcl Roucool
80%
Mndrc Minidraco
78%
ql Aquali
75%
xclng Excelangue
75%
Hptrmp Hypotrempe
75%
Kbt Kabuto
75%
Mgnt Magnéti
75%
Ndkng Nidoking
75%
rtd Ortide
75%
Pssr Poissoroy
75%
Rffls Rafflésia
75%
Trtrd Tartard
75%
Cnrtch Canarticho
71%
Kdbr Kadabra
71%
Prgn Porygon
71%
Rcrng Roucarnage
70%
mnstr Amonistar
67%
Kckl Kicklee
67%
Kks Kokiyas
67%
Krbb Krabby
67%
Mlf Mélofée
67%
sstr Ossatueur
67%
Prl Pyroli
67%
Rcll Racaillou
67%
Tgnn Tygnon
67%
Grdd Grodoudou
63%
Clssng Colossinge
60%
Ddr Dodrio
60%
Hpnmd Hypnomade
60%
Sbltt Sabelette
60%
Slfr Sulfura
60%
Ttrt Têtarte
60%
br Abra
50%
Ccnfrt Coconfort
50%
Drcf Dracaufeu
50%
Mss Miaouss
50%
sslt Osselait
50%
Trs Tauros
50%
tr Otaria
33%
rmt Aéromite
0%
Lppt Lippoutou
0%
Sqdn Saquedeneu
0%
Str Stari
0%
Aucun quiz correspondant
Distribution des résultats
% des personnes avec chaque résultat
Percentile par nombre de réponses
Votre historique - résultats
Vous n’avez pas pris ce quiz